| 000 | 01537cam a2200385 a 4500 | ||
|---|---|---|---|
| 001 | 4216 | ||
| 003 | FISKH | ||
| 005 | 20240705083410.0 | ||
| 008 | 050105s2004 nyuab b 000 1 eng d | ||
| 010 | _a 2005295167 | ||
| 020 | _a0439559707 (pbk.) | ||
| 020 | _a9780439559706 | ||
| 035 | _a(OCoLC)ocm55480535 | ||
| 040 |
_aOCO _cOCO _dXY4 _dDLC _beng |
||
| 050 | _aPZ7.A86639 | ||
| 082 | _a853.92 | ||
| 100 | _aStilton, Geronimo | ||
| 245 | 1 | 0 |
_aAttack of the bandit cats / _cGeronimo Stilton |
| 250 | _aFirst printing, June 2004 | ||
| 260 |
_aNew York : _bScholastic, _c2000 |
||
| 300 |
_a114 pages : _bmaps ; color illustrations ; _c20 cm |
||
| 505 | _aM | ||
| 520 | _aOh, what a day! I had just published New Mouse City's first phone book -- and almost every single number was wrong! My customers were out for my fur. So when Thea, Trap, and Benjamin asked me to join their quest for a legendary island covered in silver, I agreed. But no sooner had we set out than we were attacked by a ship of pirate cats! They mousenapped us and threatened to make us their dinner. Would we escape with our lives ... or find ourselves in the soup? | ||
| 521 |
_a570
_bLexile |
||
| 521 |
_aM
_bRaz-Plus |
||
| 650 | 1 |
_aMice _vFiction. |
|
| 650 | 1 |
_aCats _vFiction. |
|
| 650 | 1 |
_aPirates _vFiction. |
|
| 650 | 1 |
_aJournalists _vFiction. |
|
| 650 | 1 |
_aAdventure and adventurers _vFiction. |
|
| 650 | 1 | _aHumorous stories. | |
| 906 |
_a7 _bcbc _ccopycat _d2 _encip _f20 _gy-gencatlg |
||
| 942 |
_2ddc _cBK _n0 |
||
| 999 |
_c4216 _d4216 |
||